| 000 | 00425nam a2200181Ia 4500 | ||
|---|---|---|---|
| 001 | 23896 | ||
| 005 | 20260414151007.0 | ||
| 008 | 260414t1960||||xx |||||||||||||| ||spa|| | ||
| 041 | _aESP | ||
| 082 |
_a720.92 _bL65 |
||
| 100 |
_aLinder, Paul, _eAUT |
||
| 245 | 0 |
_aFrank Lloyd Wright : _bn homenaje |
|
| 260 | _c1960 | ||
| 300 |
_a113 páginas : _c25 cm. |
||
| 650 | _aABD | ||
| 654 | _aCAU | ||
| 942 |
_cLIB _dJUS _fJUS _2ddc _n |
||
| 999 |
_c23896 _d23896 |
||